Prácticas de laboratorio : Mecánica de Fluidos / por M. Llorens, M. Villarrubia y A.L. Miranda Mecánica de Fluidos / por M. Llorens, M. Villarrubia y A.L. Miranda
Publicado:
Barcelona . E.U.I.T.I.B. Departamento de Mecánica de Fluidos y Termotécnica :
1984
Descripción Física:
[174] p. : il. ; 30 cm
Materias:
Mecànica de fluids
MARC
| LEADER | 00000nam a2200000Ia 4500 | ||
|---|---|---|---|
| 001 | 1959 | ||
| 008 | 160829s1984 xx 000 0 cat d | ||
| 080 | |a C-1-538 | ||
| 100 | |a Llorens, M. |9 24993 | ||
| 245 | |a Prácticas de laboratorio : |b Mecánica de Fluidos / por M. Llorens, M. Villarrubia y A.L. Miranda | ||
| 260 | |a Barcelona . E.U.I.T.I.B. Departamento de Mecánica de Fluidos y Termotécnica, |c 1984 | ||
| 300 | |a [174] p. : |b il. ; |c 30 cm | ||
| 650 | |a Mecànica de fluids |9 24994 | ||
| 700 | |a Villarrubia, M. |9 24995 | ||
| 700 | |a Miranda, A. L. |9 24996 | ||
| 710 | |a Escola Universitària d'Enginyeria Tècnica Industrial de Barcelona. |b Departament de Mecànica de Fluids i Termotècnia |9 70050 | ||
| 901 | |a Arxiu | ||
| 942 | |n 1 | ||
| 952 | |0 0 |1 0 |4 0 |6 C1538 |7 1 |9 43406 |a Arxiu |b Arxiu |d 2016-12-01 |l 0 |o C-1-538 |p 1959 |r 2016-12-01 00:00:00 |w 2016-12-01 |y ARXIU | ||
| 999 | |c 45952 |d 45952 | ||